Fundamentals in lodging operations / (Record no. 2511)

MARC details
000 -LEADER
fixed length control field 00591nam a22001937a 4500
005 - DATE AND TIME OF LATEST TRANSACTION
control field 20260212064920.0
008 - FIXED-LENGTH DATA ELEMENTS--GENERAL INFORMATION
fixed length control field 260212b |||||||| |||| 00| 0 eng d
020 ## - INTERNATIONAL STANDARD BOOK NUMBER
International Standard Book Number 978-621-04-4354-7
082 ## - DEWEY DECIMAL CLASSIFICATION NUMBER
Classification number Fil. 647.94068 P739 2023
100 ## - MAIN ENTRY--PERSONAL NAME
Personal name Po, Sarah M.
9 (RLIN) 242
245 ## - TITLE STATEMENT
Title Fundamentals in lodging operations /
Statement of responsibility, etc. Sarah Monzon-Po
250 ## - EDITION STATEMENT
Edition statement 1st ed.
260 ## - PUBLICATION, DISTRIBUTION, ETC.
Place of publication, distribution, etc. Manila:
Name of publisher, distributor, etc. Rex Book Store,
Date of publication, distribution, etc. c2023
300 ## - PHYSICAL DESCRIPTION
Extent ix, 225p.:
Other physical details ill.
490 ## - SERIES STATEMENT
Series statement HRM-Tourism series
504 ## - BIBLIOGRAPHY, ETC. NOTE
Bibliography, etc. note Includes bibliographies and index
541 ## - IMMEDIATE SOURCE OF ACQUISITION NOTE
Accession number 7897 c.1, 7898 c.2
650 ## - SUBJECT ADDED ENTRY--TOPICAL TERM
Topical term or geographic name entry element Hotels and motels - Management
9 (RLIN) 243
Holdings
Withdrawn status Lost status Source of classification or shelving scheme Damaged status Not for loan Home library Current library Date acquired Total Checkouts Full call number Barcode Date last seen Copy number Price effective from Koha item type
    Dewey Decimal Classification     ctu-moalboal ctu-moalboal 06/20/2024   Fil. 647.94068 P739 2023 7897 02/12/2026 1 02/12/2026 Books-Filipiniana
    Dewey Decimal Classification     ctu-moalboal ctu-moalboal 06/20/2024   Fil. 647.94068 P739 2023 7898 02/12/2026 2 02/12/2026 Books-Filipiniana